History Quiz

Random History or Politics Quiz
Score 0/189 Timer 08:00
0 Plays Today
% Correct
a
94.5%
a
94.5%
a
94.5%
a
94.5%
a
94.5%
the
92.3%
the
92.3%
the
92.3%
the
92.3%
the
92.3%
the
92.3%
the
92.3%
the
92.3%
the
92.3%
the
92.3%
the
92.3%
to
85.9%
to
85.9%
to
85.9%
to
85.9%
to
85.9%
to
85.9%
to
85.9%
to
85.9%
be
83.4%
be
83.4%
be
83.4%
be
83.4%
be
83.4%
be
83.4%
be
83.4%
be
83.4%
be
83.4%
an
83.3%
in
79.5%
in
79.5%
in
79.5%
in
79.5%
in
79.5%
in
79.5%
in
79.5%
In
79.5%
in
79.5%
No
79.4%
of
78.9%
of
78.9%
of
78.9%
of
78.9%
of
78.9%
of
78.9%
of
78.9%
of
78.9%
of
78.9%
shall
78%
shall
78%
shall
78%
shall
78%
shall
78%
shall
78%
shall
78%
right
75.5%
person
73.8%
person
73.8%
% Correct
and
73.4%
and
73.4%
and
73.4%
and
73.4%
and
73.4%
for
72.6%
for
72.6%
for
72.6%
for
72.6%
for
72.6%
trial,
65.1%
Jury,
62.3%
jury
62.3%
law;
60.7%
law,
60.7%
on
60%
or
58.9%
or
58.9%
or
58.9%
or
58.9%
or
58.9%
or
58.9%
or
58.9%
have
56.1%
have
56.1%
have
56.1%
have
56.1%
speedy
51.2%
against
50.3%
against
50.3%
with
49.8%
by
49.2%
by
49.2%
crime,
47.9%
crime
47.9%
witness
46.9%
all
46.7%
any
46.5%
any
46.5%
State
46.1%
him;
44.8%
case
43.3%
just
43.3%
nor
42.6%
nor
42.6%
nor
42.6%
nor
42.6%
himself,
41.8%
held
40.7%
without
40.4%
without
40.4%
his
39.2%
his
39.2%
when
39%
due
39%
process
38.7%
process
38.7%
accused
38.5%
criminal
37.4%
criminal
37.4%
life
36.5%
life,
36.5%
time
36.3%
% Correct
cases
35%
impartial
34.5%
liberty,
34.4%
public
34.3%
public
34.3%
public
34.3%
Grand
34.1%
property,
33.4%
property
33.4%
compelled
33.4%
answer
31.6%
War
31.4%
been
30.8%
been
30.8%
twice
29.9%
jeopardy
29.7%
Counsel
29.3%
capital,
28.7%
deprived
28.4%
defense.
28.4%
same
27.9%
except
27.8%
put
27.8%
taken
27.8%
which
27.7%
use,
27.5%
land
27.5%
indictment
27.4%
otherwise
26.7%
compensation.
26.4%
infamous
26.2%
limb;
26.2%
offence
25.9%
unless
25.4%
witnesses
25.2%
witnesses
25.2%
subject
24.6%
private
24.5%
naval
24.5%
forces,
24%
committed,
23.7%
Militia,
23.7%
enjoy
23.2%
cause
22.8%
district
21.8%
district
21.8%
presentment
21.6%
danger;
21.1%
informed
20.8%
wherein
20.7%
prosecutions,
20.3%
service
20.2%
Assistance
19.8%
arising
19.7%
nature
19.5%
confronted
19.1%
accusation;
19%
actual
18.4%
favor,
17.9%
previously
17.3%
ascertained
16.9%
compulsory
16.5%
obtaining
15.8%
Remove Ads.
Support Sporcle.
Get the best of Sporcle when you Go Orange. This ad-free experience offers more features, more stats, and more fun while also helping to support Sporcle. Thank you for becoming a member.

You're not logged in!

Compare scores with friends on all Sporcle quizzes.
OR
Log In

Show Comments

Extras

Top Quizzes Today


Score Distribution

Your Account Isn't Verified!

In order to create a playlist on Sporcle, you need to verify the email address you used during registration. Go to your Sporcle Settings to finish the process.

Report this User

Report this user for behavior that violates our Community Guidelines.

Details: